[Event "Cappelle Online Blitz op"]
[Site "Europe Echecs INT"]
[Date "2022.01.09"]
[Round "4"]
[White "Denayer, Eric"]
[Black "Morata, Jules"]
[Result "1-0"]
[WhiteElo "2143"]
[BlackElo "1600"]
[PlyCount "101"]
[EventDate "2022.01.09"]
[EventType "swiss (blitz)"]
[EventRounds "11"]
[EventCountry "FRA"]
[SourceTitle "EXT 2023"]
[Source "ChessBase"]
[SourceDate "2022.10.05"]
[SourceVersion "1"]
[SourceVersionDate "2022.10.05"]
[SourceQuality "1"]

1. d4 f5 2. g3 Nf6 3. Bg2 g6 4. Nf3 Bg7 5. 0-0 0-0 6. c4 d6 7. Nc3 c6 8. d5 Qc7 9. Re1 e5 10. dxe6 Bxe6 11. Bf4 Ne8 12. Qd3 Na6 13. Rad1 Nc5 14. Qc2 Qe7 15. Ng5 Bxc4 16. e4 Nd3 17. Rxd3 Bxd3 18. Qxd3 Qf6 19. exf5 gxf5 20. Ne6 Rf7 21. Nxg7 Rxg7 22. Qd2 Re7 23. Rd1 Re6 24. Bf1 d5 25. Bd3 Nd6 26. Bxd6 Rxd6 27. Ne2 Re8 28. Nf4 b5 29. Qc2 Rf8 30. Re1 a5 31. h4 h5 32. Nxh5 Qf7 33. Nf4 Rf6 34. Be2 Qc7 35. Rc1 Qb6 36. Bh5 d4 37. Bf3 Rc8 38. Qc5 Qxc5 39. Rxc5 d3 40. Nxd3 Rd6 41. Nf4 Rcd8 42. Rxf5 Kg7 43. Rg5+ Kf6 44. Rg6+ Ke7 45. Rg7+ Kf8 46. Rc7 Re8 47. Kg2 Rd2 48. h5 Rxb2 49. h6 Kg8 50. h7+ Kh8 51. Ng6# 1-0

[Event "Cappelle Online Blitz op"]
[Site "Europe Echecs INT"]
[Date "2022.01.09"]
[Round "7"]
[White "Njau, Albert"]
[Black "Denayer, Eric"]
[Result "1/2-1/2"]
[WhiteElo "1805"]
[BlackElo "2143"]
[PlyCount "90"]
[EventDate "2022.01.09"]
[EventType "swiss (blitz)"]
[EventRounds "11"]
[EventCountry "FRA"]
[SourceTitle "EXT 2023"]
[Source "ChessBase"]
[SourceDate "2022.10.05"]
[SourceVersion "1"]
[SourceVersionDate "2022.10.05"]
[SourceQuality "1"]

1. b3 e5 2. Bb2 d6 3. e4 Nf6 4. Nc3 Nc6 5. Bb5 Bd7 6. Nf3 Nd4 7. Nxd4 exd4 8. Bxd7+ Qxd7 9. Ne2 c5 10. d3 Be7 11. Bc1 0-0 12. 0-0 d5 13. Ng3 dxe4 14. dxe4 Rfe8 15. Bf4 Bf8 16. Re1 Qc6 17. Qd3 Rad8 18. a4 h6 19. Rad1 a6 20. a5 Nd7 21. Nf5 Ne5 22. Qg3 Ng6 23. f3 Nxf4 24. Qxf4 Re6 25. Rd3 Rf6 26. Qd2 Re8 27. Ng3 Rfe6 28. Ne2 g6 29. Nf4 Re5 30. Nd5 Bg7 31. Kf2 h5 32. b4 c4 33. Rxd4 R5e6 34. c3 Bxd4+ 35. Qxd4 Qd6 36. Rd1 Qxh2 37. Nf6+ Rxf6 38. Qxf6 Qc7 39. Rd6 Rf8 40. Qd4 Qe7 41. Rd7 Qh4+ 42. Kf1 Qh1+ 43. Kf2 Qh4+ 44. Kf1 Qh1+ 45. Kf2 Qh4+ 1/2-1/2

[Event "BEL-chT 1516"]
[Site "Belgium"]
[Date "2015.11.29"]
[Round "5.6"]
[White "Hovenga, Alje"]
[Black "Denayer, Eric"]
[Result "1-0"]
[WhiteElo "2231"]
[BlackElo "2168"]
[PlyCount "55"]
[EventDate "2015.09.27"]
[EventType "team-tourn"]
[EventRounds "11"]
[EventCountry "BEL"]
[SourceTitle "CBM 169 Extra"]
[Source "ChessBase"]
[SourceDate "2015.12.18"]
[SourceVersion "1"]
[SourceVersionDate "2015.12.18"]
[SourceQuality "1"]
[WhiteTeam "Jean Jaures"]
[BlackTeam "Namur"]
[WhiteTeamCountry "BEL"]
[BlackTeamCountry "BEL"]

1. d4 d5 2. c4 c6 3. Nf3 Nf6 4. Nc3 dxc4 5. a4 Bf5 6. Ne5 e6 7. f3 Bb4 8. Bg5 Qa5 9. Bd2 Nbd7 10. Nxc4 Qc7 11. e4 Bg6 12. e5 Nd5 13. Nxd5 Bxd2+ 14. Qxd2 exd5 15. Nd6+ Kf8 16. f4 f6 17. Be2 Kg8 18. 0-0 fxe5 19. dxe5 h5 20. Rae1 h4 21. Bg4 Rh6 22. Be6+ Kh8 23. Bxd7 Qxd7 24. f5 Bh5 25. Qg5 Rh7 26. Rf4 Qd8 27. Qxd8+ Rxd8 28. Rxh4 1-0

[Event "BEL-chT 1415"]
[Site "Belgium"]
[Date "2015.03.22"]
[Round "11.5"]
[White "Kegels, Pascal"]
[Black "Denayer, Eric"]
[Result "1/2-1/2"]
[WhiteElo "2131"]
[BlackElo "2193"]
[PlyCount "115"]
[EventDate "2014.09.28"]
[EventType "team-swiss"]
[EventRounds "11"]
[EventCountry "BEL"]
[SourceTitle "EXT 2016"]
[Source "ChessBase"]
[SourceDate "2015.10.08"]
[SourceVersion "1"]
[SourceVersionDate "2015.10.08"]
[SourceQuality "1"]
[WhiteTeam "Temse"]
[BlackTeam "Namur"]
[WhiteTeamCountry "BEL"]
[BlackTeamCountry "BEL"]

1. d4 Nf6 2. c4 g6 3. Nc3 Bg7 4. e4 d6 5. Be2 0-0 6. Nf3 e5 7. Be3 Ng4 8. Bg5 f6 9. Bc1 Nc6 10. d5 Ne7 11. 0-0 Nh6 12. Nd2 f5 13. f3 Kh8 14. b4 g5 15. c5 Ng6 16. Nc4 Nf4 17. cxd6 cxd6 18. Be3 b6 19. a4 Nxe2+ 20. Qxe2 f4 21. Bd2 g4 22. Rfc1 Rf6 23. Nb5 a6 24. Nbxd6 Rxd6 25. Nxd6 Qxd6 26. Rc6 Qd8 27. Qf2 Rb8 28. a5 bxa5 29. Rxa5 gxf3 30. Qxf3 Bb7 31. Rcxa6 Bxa6 32. Rxa6 Rb6 33. Qa3 Rxa6 34. Qxa6 Bf8 35. Qc6 Bd6 36. b5 Ng8 37. b6 Ne7 38. Qb5 Qb8 39. b7 Qa7+ 40. Kf1 Kg7 41. Qd7 Qa6+ 42. Ke1 Qb6 43. Ke2 Kf7 44. Qe6+ Ke8 45. g3 fxg3 46. hxg3 Qb5+ 47. Kf3 Qd7 48. Qf6 Ng8 49. Qh8 Qf7+ 50. Kg2 Qg6 51. Kh2 Kf7 52. Bb4 Qh5+ 53. Kg2 Qe2+ 54. Kh3 Qf1+ 55. Kh2 Nf6 56. Qc8 Qe2+ 57. Kh3 Qh5+ 58. Kg2 1/2-1/2

[Event "BEL-chT 1011"]
[Site "Belgium"]
[Date "2011.02.06"]
[Round "8.6"]
[White "Denayer, Eric"]
[Black "Schut, Lisa"]
[Result "0-1"]
[WhiteElo "2245"]
[BlackElo "2264"]
[PlyCount "112"]
[EventDate "2010.09.26"]
[EventType "team-tourn"]
[EventRounds "11"]
[EventCountry "BEL"]
[SourceTitle "EXT 2012"]
[Source "ChessBase"]
[SourceDate "2011.11.24"]
[SourceVersion "1"]
[SourceVersionDate "2011.11.24"]
[SourceQuality "1"]
[WhiteTeam "Namur"]
[BlackTeam "Amay"]
[WhiteTeamCountry "BEL"]
[BlackTeamCountry "BEL"]

1. Nf3 Nf6 2. d4 g6 3. c4 Bg7 4. Nc3 d5 5. Qb3 dxc4 6. Qxc4 a6 7. e4 b5 8. Qb3 0-0 9. e5 Nfd7 10. Be2 c5 11. dxc5 Bb7 12. Be3 Nxe5 13. Nxe5 Bxe5 14. 0-0 Nc6 15. Rad1 Nd4 16. Bxd4 Bxd4 17. a4 e5 18. axb5 axb5 19. Bxb5 Rc8 20. c6 Bxc6 21. Bxc6 Rxc6 22. Ne2 Rd6 23. Nxd4 exd4 24. Qd3 Qb6 25. Rd2 Re8 26. g3 Re5 27. Rfd1 Rb5 28. Qe4 Rbd5 29. Qd3 h5 30. h4 Rf5 31. Re1 Kg7 32. Re4 Rfd5 33. Re1 Rb5 34. Qc2 Rb3 35. Re8 Rxg3+ 36. Kh2 Rg4 37. Re4 Rxe4 38. Qxe4 d3 39. Qe5+ Kh7 40. Qf4 Rf6 41. Qg3 Qd4 42. Kg1 Rd6 43. Kg2 Rd7 44. f4 Rb7 45. Qf2 Qf6 46. Kg3 Qf5 47. Qf3 Rb3 48. Kh2 Rb4 49. Kg3 Rd4 50. b4 Rxb4 51. Rxd3 Rxf4 52. Qxf4 Qxd3+ 53. Kh2 Qf5 54. Qd4 Qe6 55. Qc3 Qe2+ 56. Kh1 Qe4+ 0-1

[Event "BEL-chT 1011"]
[Site "Belgium"]
[Date "2011.01.23"]
[Round "7.4"]
[White "Houriez, Clement"]
[Black "Denayer, Eric"]
[Result "1-0"]
[WhiteElo "2308"]
[BlackElo "2245"]
[PlyCount "82"]
[EventDate "2010.09.26"]
[EventType "team-tourn"]
[EventRounds "11"]
[EventCountry "BEL"]
[SourceTitle "EXT 2012"]
[Source "ChessBase"]
[SourceDate "2011.11.24"]
[SourceVersion "1"]
[SourceVersionDate "2011.11.24"]
[SourceQuality "1"]
[WhiteTeam "Charleroi CREC"]
[BlackTeam "Namur"]
[WhiteTeamCountry "BEL"]
[BlackTeamCountry "BEL"]

1. d4 Nf6 2. c4 g6 3. Nc3 Bg7 4. e4 d6 5. Nf3 0-0 6. Be2 e5 7. 0-0 Nc6 8. d5 Ne7 9. Nd2 c5 10. Rb1 Ne8 11. b4 cxb4 12. Rxb4 Nc7 13. Rb1 Na6 14. Nb3 b6 15. a4 f5 16. f3 f4 17. a5 Nc5 18. axb6 axb6 19. Nxc5 bxc5 20. Qb3 g5 21. Bd2 Qe8 22. Ra1 Rxa1 23. Rxa1 g4 24. Ra8 Qg6 25. Nb5 gxf3 26. Bxf3 Qf6 27. Ba5 Bd7 28. Ra7 Be8 29. Bd8 Qh4 30. Qb1 Bf6 31. Nxd6 Bg6 32. Ba5 Bh5 33. Be1 Qg5 34. Qd1 Bxf3 35. Qxf3 Ng6 36. Nb5 Nh4 37. Bxh4 Qxh4 38. Qf2 Qh5 39. Qf3 Qh4 40. Qf2 Qh5 41. Qf3 Qh4 1-0

[Event "Geraardsbergen op 26th"]
[Site "Geraardsbergen"]
[Date "2010.08.15"]
[Round "9"]
[White "Renette, Hans"]
[Black "Denayer, Eric"]
[Result "1/2-1/2"]
[WhiteElo "2348"]
[BlackElo "2216"]
[PlyCount "78"]
[EventDate "2010.08.11"]
[EventType "swiss"]
[EventRounds "9"]
[EventCountry "BEL"]
[SourceTitle "CBM 138 Extra"]
[Source "ChessBase"]
[SourceDate "2010.10.29"]
[SourceVersion "1"]
[SourceVersionDate "2010.10.29"]
[SourceQuality "1"]

1. d4 Nf6 2. Nf3 e6 3. g3 b5 4. Bg2 Bb7 5. Bg5 c5 6. 0-0 Na6 7. e4 h6 8. Bxf6 Qxf6 9. Nc3 b4 10. e5 Qd8 11. Nb5 Qb6 12. c4 Be7 13. Qe2 cxd4 14. Rfd1 Nc5 15. Rxd4 0-0 16. Rad1 Bc6 17. Nh4 Rab8 18. Nd6 Bxd6 19. Rxd6 Nb7 20. R6d4 Qa5 21. b3 Qb6 22. Bh3 Qc5 23. Bg2 Rbd8 24. Be4 Bxe4 25. Qxe4 Qc7 26. Nf3 Qc6 27. Qe3 Qc7 28. Rg4 f5 29. exf6 Rxf6 30. Ne5 d6 31. Nd3 a5 32. Rf4 Rdf8 33. Rd2 e5 34. Rxf6 Rxf6 35. f4 exf4 36. Nxf4 Qf7 37. Kg2 Nc5 38. Qd4 Kh8 39. Re2 Ne6 1/2-1/2

[Event "Geraardsbergen op 26th"]
[Site "Geraardsbergen"]
[Date "2010.08.13"]
[Round "6"]
[White "Denayer, Eric"]
[Black "Verlinden, Dirk"]
[Result "1/2-1/2"]
[WhiteElo "2216"]
[BlackElo "2070"]
[PlyCount "109"]
[EventDate "2010.08.11"]
[EventType "swiss"]
[EventRounds "9"]
[EventCountry "BEL"]
[SourceTitle "CBM 138 Extra"]
[Source "ChessBase"]
[SourceDate "2010.10.29"]
[SourceVersion "1"]
[SourceVersionDate "2010.10.29"]
[SourceQuality "1"]

1. d4 Nf6 2. Nf3 c5 3. e3 e6 4. Bd3 Nc6 5. c3 d5 6. Nbd2 Bd6 7. 0-0 Qc7 8. e4 dxe4 9. Nxe4 Nxe4 10. Bxe4 cxd4 11. cxd4 h6 12. Be3 0-0 13. Rc1 Qe7 14. Re1 Qf6 15. Bb1 Bf4 16. Qd3 g6 17. Qd2 Bxe3 18. Qxe3 Kg7 19. Ne5 Ne7 20. Be4 Nd5 21. Qg3 Qg5 22. Qf3 Qf6 23. Qb3 Qd8 24. Qd3 Qg5 25. g3 b6 26. h4 Qe7 27. Bxg6 Nb4 28. Qb1 Bb7 29. Be4 Nd5 30. Bg2 Rac8 31. a3 Nf6 32. Bxb7 Qxb7 33. Qd3 Qd5 34. Qe3 Rfd8 35. Rxc8 Rxc8 36. Qf4 Rd8 37. Nf3 Qb3 38. g4 Nd5 39. Qe5+ Kf8 40. Kg2 Ke7 41. g5 Qd3 42. Qe4 hxg5 43. hxg5 Qxe4 44. Rxe4 Rc8 45. Kg3 Rc2 46. Ne5 Rxb2 47. g6 fxg6 48. Nxg6+ Kf7 49. Ne5+ Ke7 50. Rh4 Rb3+ 51. Kg4 Rxa3 52. Rh7+ Ke8 53. Rh8+ Ke7 54. Rh7+ Ke8 55. Rh8+ 1/2-1/2

[Event "Bethune op-A"]
[Site "Bethune"]
[Date "2009.12.26"]
[Round "1"]
[White "Denayer, Eric"]
[Black "Jolly, Jean Francois"]
[Result "0-1"]
[WhiteElo "2254"]
[BlackElo "2406"]
[PlyCount "58"]
[EventDate "2009.12.26"]
[EventType "swiss"]
[EventRounds "9"]
[EventCountry "FRA"]
[SourceTitle "EXT 2011"]
[Source "ChessBase"]
[SourceDate "2010.11.26"]
[SourceVersion "1"]
[SourceVersionDate "2010.11.26"]
[SourceQuality "1"]

1. Nf3 Nf6 2. d4 g6 3. c4 Bg7 4. Nc3 0-0 5. e4 d6 6. Be2 Nbd7 7. 0-0 e5 8. d5 Nc5 9. Qc2 a5 10. Re1 Ne8 11. Nd2 f5 12. exf5 gxf5 13. f4 Nf6 14. Nb3 Ng4 15. Bxg4 Nxb3 16. axb3 fxg4 17. Rf1 Bf5 18. Qe2 Qe8 19. fxe5 Qg6 20. Be3 Bxe5 21. Qd2 Bxh2+ 22. Kxh2 g3+ 23. Kg1 Qh5 24. Rf3 Qh2+ 25. Kf1 Bg4 26. Ne2 Bxf3 27. gxf3 Rxf3+ 28. Ke1 Re8 29. Qd4 Rfxe3 0-1

[Event "BEL-ch op"]
[Site "Namur"]
[Date "2009.07.09"]
[Round "6"]
[White "Uhoda, Philippe"]
[Black "Denayer, Eric"]
[Result "0-1"]
[WhiteElo "2125"]
[BlackElo "2258"]
[PlyCount "96"]
[EventDate "2009.07.04"]
[EventType "swiss"]
[EventRounds "9"]
[EventCountry "BEL"]
[SourceTitle "EXT 2010"]
[Source "ChessBase"]
[SourceDate "2010.11.25"]
[SourceVersion "1"]
[SourceVersionDate "2010.11.25"]
[SourceQuality "1"]

1. d4 d5 2. c4 c6 3. Nf3 Nf6 4. Qb3 e6 5. Bf4 Nbd7 6. e3 Be7 7. h3 0-0 8. Nc3 a6 9. cxd5 exd5 10. Bd3 b5 11. Ne5 Bb7 12. Qc2 h6 13. 0-0 Nxe5 14. dxe5 Nd7 15. Bf5 Nc5 16. b4 Ne6 17. a3 Nxf4 18. exf4 a5 19. Rab1 axb4 20. axb4 Qb6 21. Rfd1 Ra3 22. Rb3 Rxb3 23. Qxb3 Rd8 24. Bb1 Bf8 25. Qc2 g6 26. f5 Qc7 27. fxg6 fxg6 28. Qxg6+ Kh8 29. Ne4 Qg7 30. Nc5 Qxg6 31. Bxg6 Bxc5 32. bxc5 Kg7 33. Bf5 d4 34. Rd3 Rd5 35. f4 Kf8 36. Be4 Rxc5 37. Rxd4 Rc1+ 38. Kf2 c5 39. Bxb7 cxd4 40. Kf3 b4 41. Ke4 b3 42. Kxd4 b2 43. Be4 Rd1+ 44. Kc5 Ke7 45. g4 b1Q 46. Bxb1 Rxb1 47. Kd5 Rh1 48. f5 Rxh3 0-1

[Event "BEL-ch op"]
[Site "Namur"]
[Date "2009.07.07"]
[Round "4"]
[White "Maraite, Gregory"]
[Black "Denayer, Eric"]
[Result "0-1"]
[WhiteElo "2048"]
[BlackElo "2258"]
[PlyCount "48"]
[EventDate "2009.07.04"]
[EventType "swiss"]
[EventRounds "9"]
[EventCountry "BEL"]
[SourceTitle "EXT 2010"]
[Source "ChessBase"]
[SourceDate "2010.11.25"]
[SourceVersion "1"]
[SourceVersionDate "2010.11.25"]
[SourceQuality "1"]

1. e4 c5 2. Nf3 Nc6 3. Bb5 g6 4. 0-0 Bg7 5. c3 e5 6. d4 cxd4 7. cxd4 Nxd4 8. Nxd4 exd4 9. Bf4 Ne7 10. Nd2 0-0 11. Bd6 Re8 12. Bc4 b5 13. Bxf7+ Kxf7 14. Qb3+ Kf8 15. f4 d3 16. e5 Bh6 17. f5 gxf5 18. Rxf5+ Kg7 19. Rf7+ Kh8 20. Ne4 Bb7 21. Nf6 Qb6+ 22. Kh1 Bxg2+ 23. Kxg2 Rg8+ 24. Kf3 Qe3# 0-1

[Event "BEL-ch op"]
[Site "Namur"]
[Date "2009.07.05"]
[Round "2"]
[White "Charlier, Laurent"]
[Black "Denayer, Eric"]
[Result "0-1"]
[WhiteElo "1953"]
[BlackElo "2258"]
[PlyCount "58"]
[EventDate "2009.07.04"]
[EventType "swiss"]
[EventRounds "9"]
[EventCountry "BEL"]
[SourceTitle "EXT 2010"]
[Source "ChessBase"]
[SourceDate "2010.11.25"]
[SourceVersion "1"]
[SourceVersionDate "2010.11.25"]
[SourceQuality "1"]

1. e4 c5 2. a3 b6 3. Bc4 e6 4. e5 Bb7 5. Nf3 Qc7 6. 0-0 Nc6 7. Re1 d5 8. exd6 Bxd6 9. Nc3 a6 10. d3 Ne5 11. Nxe5 Bxe5 12. Qh5 Bxc3 13. bxc3 0-0-0 14. a4 Nf6 15. Qh3 Nd5 16. Bd2 g5 17. Bxd5 Bxd5 18. Bxg5 Rdg8 19. Bf6 Bxg2 20. Qh4 Bh3+ 21. Kh1 Qc6+ 22. Re4 Bg2+ 23. Kg1 Bxe4+ 24. Kf1 Bxd3+ 25. cxd3 Qh1+ 26. Ke2 Qxa1 27. c4 Rg4 28. Qxg4 Qxf6 29. Qe4 Kc7 0-1

[Event "Cappelle op 25th"]
[Site "Cappelle la Grande"]
[Date "2009.03.03"]
[Round "5"]
[White "Hebden, Mark"]
[Black "Denayer, Eric"]
[Result "1-0"]
[WhiteElo "2522"]
[BlackElo "2265"]
[PlyCount "53"]
[EventDate "2009.02.28"]
[EventType "swiss"]
[EventRounds "9"]
[EventCountry "FRA"]
[SourceTitle "CBM 129 Extra"]
[Source "ChessBase"]
[SourceDate "2009.05.05"]
[SourceVersion "2"]
[SourceVersionDate "2009.05.20"]
[SourceQuality "1"]

1. d4 Nf6 2. Nf3 g6 3. Nc3 d5 4. Bf4 Bg7 5. Qd2 Ne4 6. Nxe4 dxe4 7. Ne5 f6 8. Nc4 Be6 9. e3 0-0 10. Be2 c6 11. 0-0 Nd7 12. Rad1 h5 13. h3 g5 14. Bh2 f5 15. Na5 Qe8 16. Nxb7 Qg6 17. Qa5 Kh7 18. Nc5 Nxc5 19. Qxc5 f4 20. exf4 Rf5 21. Qxc6 Rc8 22. Qxe4 Bd5 23. Qd3 gxf4 24. f3 Bc4 25. Qe4 Rg8 26. Qxf5 Qxf5 27. Bxc4 1-0

[Event "BEL-ch"]
[Site "Eupen"]
[Date "2008.07.13"]
[Round "9"]
[White "Le Quang, Kim"]
[Black "Denayer, Eric"]
[Result "1/2-1/2"]
[WhiteElo "2273"]
[BlackElo "2265"]
[PlyCount "97"]
[EventDate "2008.07.05"]
[EventType "swiss"]
[EventRounds "9"]
[EventCountry "BEL"]
[SourceTitle "CBM 125 Extra"]
[Source "ChessBase"]
[SourceDate "2008.09.01"]
[SourceVersion "1"]
[SourceVersionDate "2008.09.01"]
[SourceQuality "1"]

1. e4 c5 2. Nf3 Nc6 3. Bb5 g6 4. 0-0 Bg7 5. c3 e5 6. d4 cxd4 7. cxd4 Nxd4 8. Nc3 Ne7 9. Bg5 f6 10. Nxd4 exd4 11. Qxd4 Nc6 12. Bxc6 dxc6 13. Qxd8+ Kxd8 14. Bh4 Ke8 15. f4 Kf7 16. f5 gxf5 17. exf5 Re8 18. Rad1 Bf8 19. g4 b6 20. Kg2 Bb7 21. Rd7+ Re7 22. Rfd1 Rae8 23. R7d6 Bg7 24. Kf2 c5 25. R1d2 h5 26. h3 hxg4 27. hxg4 Rh8 28. Bg3 Bh6 29. Re2 Rhe8 30. Rxe7+ Rxe7 31. Nd5 Bxd5 32. Rxd5 Be3+ 33. Kf3 Bd4 34. b3 Re3+ 35. Kg2 Re2+ 36. Kf3 Rxa2 37. Rd7+ Ke8 38. Rb7 Ra3 39. Ke4 Rxb3 40. Bf4 Rb1 41. Kd5 Re1 42. Rxa7 Be5 43. Bxe5 Rxe5+ 44. Kd6 c4 45. g5 c3 46. g6 Kf8 47. Ra8+ Kg7 48. Ra7+ Kf8 49. Ra8+ 1/2-1/2

[Event "BEL-ch"]
[Site "Eupen"]
[Date "2008.07.10"]
[Round "6"]
[White "Noiroux, Kevin"]
[Black "Denayer, Eric"]
[Result "0-1"]
[WhiteElo "2140"]
[BlackElo "2265"]
[PlyCount "44"]
[EventDate "2008.07.05"]
[EventType "swiss"]
[EventRounds "9"]
[EventCountry "BEL"]
[SourceTitle "CBM 125 Extra"]
[Source "ChessBase"]
[SourceDate "2008.09.01"]
[SourceVersion "1"]
[SourceVersionDate "2008.09.01"]
[SourceQuality "1"]

1. d4 Nf6 2. c4 e6 3. Nc3 Bb4 4. g3 c5 5. Nf3 d5 6. cxd5 Nxd5 7. Bd2 cxd4 8. Nxd4 Nc6 9. Nxc6 bxc6 10. Bg2 0-0 11. 0-0 a5 12. Rc1 Ba6 13. Ne4 Qb6 14. Bxb4 axb4 15. Nc5 Rfd8 16. Qd4 Nc3 17. Qe5 Nxe2+ 18. Kh1 Nxc1 19. Rxc1 Bb5 20. Be4 Qb8 21. Qh5 g6 22. Qg5 Qd6 0-1

[Event "BEL-ch"]
[Site "Eupen"]
[Date "2008.07.09"]
[Round "5"]
[White "Meessen, Rudolf"]
[Black "Denayer, Eric"]
[Result "1-0"]
[WhiteElo "2287"]
[BlackElo "2265"]
[PlyCount "57"]
[EventDate "2008.07.05"]
[EventType "swiss"]
[EventRounds "9"]
[EventCountry "BEL"]
[SourceTitle "CBM 125 Extra"]
[Source "ChessBase"]
[SourceDate "2008.09.01"]
[SourceVersion "1"]
[SourceVersionDate "2008.09.01"]
[SourceQuality "1"]

1. d4 d5 2. c4 Nc6 3. Nc3 dxc4 4. Nf3 Bg4 5. d5 Bxf3 6. exf3 Ne5 7. Bf4 f6 8. Bxe5 fxe5 9. Bxc4 Nf6 10. Qe2 Qd6 11. 0-0 a6 12. Rfe1 Nd7 13. Ne4 Qh6 14. b4 g5 15. Qe3 Nb6 16. Bb3 0-0-0 17. Rad1 g4 18. Qxh6 Bxh6 19. fxg4 Nd7 20. g5 Bg7 21. Rd3 Kb8 22. h4 Rhf8 23. a4 b6 24. g3 a5 25. bxa5 bxa5 26. Rc1 Rc8 27. Rc6 Rfd8 28. Bc4 Ka7 29. Ra6+ 1-0

[Event "BEL-ch"]
[Site "Eupen"]
[Date "2008.07.07"]
[Round "3"]
[White "Denayer, Eric"]
[Black "Claesen, Pieter"]
[Result "0-1"]
[WhiteElo "2265"]
[BlackElo "2380"]
[PlyCount "80"]
[EventDate "2008.07.05"]
[EventType "swiss"]
[EventRounds "9"]
[EventCountry "BEL"]
[SourceTitle "CBM 125 Extra"]
[Source "ChessBase"]
[SourceDate "2008.09.01"]
[SourceVersion "1"]
[SourceVersionDate "2008.09.01"]
[SourceQuality "1"]

1. d4 Nf6 2. c4 c5 3. d5 b5 4. a4 Qa5+ 5. Bd2 b4 6. Qc2 g6 7. e4 d6 8. Bd3 Bg7 9. Ne2 e5 10. f4 exf4 11. Bxf4 Qd8 12. Nd2 Nh5 13. Be3 Nd7 14. Nf3 Ne5 15. Nxe5 Bxe5 16. Qd2 Bd7 17. Bg5 Bf6 18. Bxf6 Qxf6 19. 0-0-0 Bxa4 20. Rdf1 Qe5 21. Qh6 Bd7 22. Rf2 Qg7 23. Qg5 f6 24. Qh4 Qh6+ 25. Nf4 Nxf4 26. Qxh6 Nxd3+ 27. Kc2 Nxf2 28. Re1 0-0-0 29. Qf4 Ng4 30. Kb3 g5 31. Qf3 Rhf8 32. Ra1 Kb7 33. h3 Ne5 34. Qh5 Rf7 35. Qe2 Ra8 36. Rf1 a5 37. g4 Kb6 38. Ka2 a4 39. Rc1 Bc8 40. Kb1 Ba6 0-1

[Event "Cappelle op 24th"]
[Site "Cappelle la Grande"]
[Date "2008.02.22"]
[Round "8"]
[White "Denayer, Eric"]
[Black "Tunik, Gennady"]
[Result "0-1"]
[WhiteElo "2264"]
[BlackElo "2473"]
[PlyCount "80"]
[EventDate "2008.02.16"]
[EventType "swiss"]
[EventRounds "9"]
[EventCountry "FRA"]
[SourceTitle "CBM 122 Extra"]
[Source "ChessBase"]
[SourceDate "2008.03.04"]
[SourceVersion "1"]
[SourceVersionDate "2008.03.04"]
[SourceQuality "1"]

1. Nf3 Nf6 2. c4 e6 3. g3 b6 4. Bg2 Bb7 5. 0-0 c5 6. Nc3 Be7 7. Re1 Ne4 8. Nxe4 Bxe4 9. d3 Bb7 10. e4 d6 11. d4 cxd4 12. Nxd4 0-0 13. b3 a6 14. Bb2 Re8 15. f4 Nd7 16. f5 e5 17. Nc2 b5 18. cxb5 axb5 19. Nb4 Nf6 20. Kh1 Qa5 21. a3 Rac8 22. Qe2 Qa8 23. a4 bxa4 24. Rxa4 Qb8 25. Qd1 Qc7 26. h3 Qb6 27. Kh2 Ra8 28. Nd3 Rxa4 29. bxa4 Qa5 30. Ba3 Bc6 31. Bb4 Qa8 32. Nf2 Bxa4 33. Qd2 Bc6 34. g4 h6 35. h4 Qa7 36. Bf3 Rb8 37. Bc3 Nh7 38. Kg3 Bd8 39. Qxd6 Bxh4+ 40. Kh3 Ng5+ 0-1

[Event "Fleurus op"]
[Site "Fleurus"]
[Date "2008.02.08"]
[Round "5"]
[White "Denayer, Eric"]
[Black "Piacentini, Claudio"]
[Result "1-0"]
[WhiteElo "2258"]
[BlackElo "2089"]
[PlyCount "69"]
[EventDate "2008.01.11"]
[EventType "swiss"]
[EventRounds "9"]
[EventCountry "BEL"]
[SourceTitle "EXT 2010"]
[Source "ChessBase"]
[SourceDate "2010.11.25"]
[SourceVersion "1"]
[SourceVersionDate "2010.11.25"]
[SourceQuality "1"]

1. d4 Nf6 2. c4 g6 3. Nc3 Bg7 4. e4 d6 5. Be2 0-0 6. Bg5 c5 7. d5 b5 8. cxb5 a6 9. a4 Qa5 10. Bd2 Qb4 11. Qc2 axb5 12. Bxb5 Ba6 13. f3 Nfd7 14. Nd1 Qd4 15. Bc3 Bxb5 16. Bxd4 cxd4 17. Ra3 Ba6 18. Ne2 Nc5 19. Nf2 Rc8 20. Qd2 Nbd7 21. 0-0 Ne5 22. Rc1 d3 23. Nd4 Nc4 24. Rxc4 Bxc4 25. Nc6 Kf8 26. a5 Bb5 27. b4 Bxc6 28. dxc6 Ne6 29. b5 Rab8 30. Qxd3 Nd4 31. a6 Rxb5 32. a7 Ra8 33. c7 Rc5 34. Qb1 Nb5 35. Rb3 1-0

[Event "Fleurus op"]
[Site "Fleurus"]
[Date "2008.01.25"]
[Round "3"]
[White "Denayer, Eric"]
[Black "Marte, Sebastien"]
[Result "1-0"]
[WhiteElo "2258"]
[BlackElo "1917"]
[PlyCount "72"]
[EventDate "2008.01.11"]
[EventType "swiss"]
[EventRounds "9"]
[EventCountry "BEL"]
[SourceTitle "EXT 2010"]
[Source "ChessBase"]
[SourceDate "2010.11.25"]
[SourceVersion "1"]
[SourceVersionDate "2010.11.25"]
[SourceQuality "1"]

1. Nf3 Nf6 2. c4 e6 3. b3 c5 4. Bb2 Nc6 5. e3 Be7 6. Nc3 0-0 7. Be2 b6 8. d4 cxd4 9. exd4 d5 10. 0-0 Bb7 11. Rc1 Rc8 12. Qd3 Ne4 13. Nxe4 Nb4 14. Qb1 dxe4 15. Ne1 f5 16. a3 Nc6 17. Rd1 Bd6 18. f4 Qh4 19. g3 Qh3 20. Rf2 Ne7 21. Bc1 h5 22. Ng2 h4 23. Nxh4 Rf6 24. Be3 Rh6 25. Bf1 Qg4 26. Be2 Qh3 27. Bf1 Qg4 28. Rg2 Kf7 29. Rdd2 Rch8 30. Qc2 a5 31. h3 Qxh3 32. Rh2 Rxh4 33. Bxh3 R4h6 34. Bf1 Bxa3 35. Rxh6 Rxh6 36. Rh2 Rg6 1-0

[Event "BEL-chT 0607"]
[Site "Belgium"]
[Date "2006.11.05"]
[Round "3"]
[White "Lacrosse, Marc"]
[Black "Denayer, Eric"]
[Result "0-1"]
[WhiteElo "2238"]
[BlackElo "2276"]
[PlyCount "104"]
[EventDate "2006.10.01"]
[EventType "team-tourn"]
[EventRounds "11"]
[EventCountry "BEL"]
[SourceTitle "EXT 2007"]
[Source "ChessBase"]
[SourceDate "2006.11.23"]
[SourceVersion "1"]
[SourceVersionDate "2006.11.23"]
[SourceQuality "1"]
[WhiteTeam "KGSRL"]
[BlackTeam "Charleroi CREC"]
[WhiteTeamCountry "BEL"]
[BlackTeamCountry "BEL"]

1. d4 Nf6 2. c4 e6 3. Nf3 b6 4. a3 Bb7 5. Nc3 d5 6. Bg5 Be7 7. Bxf6 Bxf6 8. cxd5 exd5 9. Qb3 0-0 10. Rd1 Re8 11. e3 c6 12. Bd3 Ba6 13. Bxa6 Nxa6 14. Qa4 Nb8 15. 0-0 a5 16. Rfe1 b5 17. Qc2 Nd7 18. e4 Nb6 19. e5 Be7 20. Ne2 Rc8 21. Nf4 Nc4 22. Re2 Bg5 23. Nh3 Be7 24. Qf5 Rc7 25. Rde1 Qc8 26. Qh5 g6 27. Qh6 Bf8 28. Qf4 Rce7 29. Kf1 Bg7 30. Nhg5 h6 31. e6 f6 32. Nf7 Rxe6 33. Nxh6+ Kh7 34. Ng4 Rxe2 35. Rxe2 Rxe2 36. Kxe2 Qe6+ 37. Ne3 Qe7 38. g4 Bh6 39. g5 fxg5 40. Qg4 a4 41. h3 Nxb2 42. Ne5 Nc4 43. Nxc6 Qd6 44. Qc8 Nxe3 45. fxe3 Qxa3 46. Qb7+ Bg7 47. Qxb5 Qa2+ 48. Kf3 Qa1 49. Ne7 Qh1+ 50. Kf2 Qh2+ 51. Ke1 a3 52. Nxd5 a2 0-1